000 00718cam a2200229 4500500
005 20260329005215.0
041 _afre
042 _adc
100 1 0 _aDiderot, Diderot
_eauthor
245 0 0 _aExtraits de la “Lettre sur les aveugles à l’usage de ceux qui voient”, de Denis Diderot
260 _c2022.
500 _a47
690 _aAveugle
690 _aConnaissance
690 _aDenis Diderot
690 _aExpérience
690 _aLogique
690 _aMatérialisme
690 _aPerception
786 0 _nPhilosophie magazine | 164 | 11 | 2022-11-01 | p. 44-48 | 1951-1787
856 4 1 _uhttps://shs.cairn.info/magazine-philosophie-magazine-2022-11-page-44?lang=fr&redirect-ssocas=7080
999 _c1841337
_d1841337